00698nam a2200241Ia 450000500170000000800460001702000180006303700100008104000080009104000080009904000080010704100080011504100080012308400080013110000130013924500570015224501490020926000230035826000090038136500050039036500080039585600530040320260324120204.0008 260324s9999 xx 000 0 eng d a9780429225536 aEBOOK aCRL beng cCRL 2eng aeng qCRL aLiu Jian 0aElectrical, Control Engineering and Computer Science 0bProceedings of the 2015 International Conference on Electrical, Control Engineering and Computer Science (ECECS 2015, Hong Kong, 30-31 May 2015) bTaylor and Francis c2015 a b400 uhttp://www.taylorfrancis.com/books/9780429225536